[Event "Juan Martinez Sola"]
[Site "UAL Almeria Spain"]
[Date "2015.12.18"]
[Round "2.1"]
[White "Arboledas Fernandez, Antonio A."]
[Black "Del Rio De Angelis, Salvador G."]
[Result "0-1"]
[BlackElo "2542"]
[WhiteElo "2102"]
[LiveChessVersion "1.4.4"]

1. d4 {[%clk 1:30:54]} d6 {[%clk 1:30:32]} 2. e4 {[%clk 1:29:00]} Nf6
{[%clk 1:30:52]} 3. f3 {[%clk 1:25:51]} c5 {[%clk 1:31:03]} 4. d5
{[%clk 1:23:01]} e6 {[%clk 1:31:16]} 5. c4 {[%clk 1:22:54]} exd5 {[%clk 1:29:40]}
6. cxd5 {[%clk 1:22:57]} g6 {[%clk 1:29:48]} 7. Nc3 {[%clk 1:23:05]} Bg7
{[%clk 1:30:11]} 8. Bd3 {[%clk 1:21:30]} O-O {[%clk 1:26:59]} 9. Nge2
{[%clk 1:20:49]} a6 {[%clk 1:25:32]} 10. a4 {[%clk 1:20:22]} Nbd7
{[%clk 1:25:54]} 11. O-O {[%clk 1:19:23]} Rb8 {[%clk 1:26:03]} 12. Bf4
{[%clk 1:13:46]} Qe7 {[%clk 1:25:51]} 13. a5 {[%clk 1:11:54]} Ne5
{[%clk 1:24:53]} 14. Bc2 {[%clk 1:09:16]} b5 {[%clk 1:22:17]} 15. Re1
{[%clk 1:03:53]} Re8 {[%clk 1:20:36]} 16. b3 {[%clk 0:51:44]} Qc7
{[%clk 1:17:57]} 17. Be3 {[%clk 0:47:33]} Bd7 {[%clk 1:14:09]} 18. Kh1
{[%clk 0:45:08]} b4 {[%clk 1:13:25]} 19. Na4 {[%clk 0:44:46]} Bxa4
{[%clk 1:13:46]} 20. Rxa4 {[%clk 0:45:10]} Rb5 {[%clk 1:13:59]} 21. h3
{[%clk 0:31:09]} Rxa5 {[%clk 1:13:43]} 22. f4 {[%clk 0:27:22]} Ned7
{[%clk 1:13:47]} 23. Rxa5 {[%clk 0:27:35]} Qxa5 {[%clk 1:14:13]} 24. Ng3
{[%clk 0:27:48]} h5 {[%clk 1:11:56]} 25. Bc1 {[%clk 0:27:04]} h4 {[%clk 1:11:30]}
26. Nf1 {[%clk 0:26:56]} Nh5 {[%clk 1:11:46]} 27. Qg4 {[%clk 0:25:29]} Qd8
{[%clk 1:11:55]} 28. e5 {[%clk 0:22:01]} dxe5 {[%clk 1:09:41]} 29. f5
{[%clk 0:21:24]} Ndf6 {[%clk 1:09:49]} 30. Qxh4 {[%clk 0:21:32]} Nxd5
{[%clk 1:09:32]} 31. Bg5 {[%clk 0:21:17]} Bf6 {[%clk 0:58:42]} 32. fxg6
{[%clk 0:20:17]} Ndf4 {[%clk 0:59:04]} 33. gxf7+ {[%clk 0:18:30]} Kxf7
{[%clk 0:59:27]} 34. Bxf6 {[%clk 0:17:34]} Nxf6 {[%clk 0:58:58]} 35. Rd1
{[%clk 0:16:49]} Qa8 {[%clk 0:59:15]} 36. Ne3 {[%clk 0:16:03]} Rh8
{[%clk 0:59:28]} 37. Qe1 {[%clk 0:09:38]} Rxh3+ {[%clk 0:59:46]} 38. Kg1
{[%clk 0:10:04]} Rxe3 {[%clk 1:00:05]} 0-1

[Event "Juan Martinez Sola"]
[Site "UAL Almeria Spain"]
[Date "2015.12.18"]
[Round "2.2"]
[White "Misyura, Ilya"]
[Black "Hernandez Munoz, Antonio Ramon"]
[Result "1-0"]
[BlackElo "2185"]
[WhiteElo "1843"]
[LiveChessVersion "1.4.4"]

1. d4 {[%clk 1:30:54]} Nf6 {[%clk 1:30:55]} 2. c4 {[%clk 1:31:17]} g6
{[%clk 1:31:17]} 3. Nc3 {[%clk 1:31:40]} d5 {[%clk 1:31:42]} 4. cxd5
{[%clk 1:32:06]} Nxd5 {[%clk 1:32:06]} 5. e4 {[%clk 1:32:31]} Nxc3
{[%clk 1:32:27]} 6. bxc3 {[%clk 1:32:50]} Bg7 {[%clk 1:32:54]} 7. Nf3
{[%clk 1:33:13]} c5 {[%clk 1:33:00]} 8. Bb5+ {[%clk 1:33:38]} Nd7
{[%clk 1:30:31]} 9. O-O {[%clk 1:33:59]} O-O {[%clk 1:30:06]} 10. Be3
{[%clk 1:32:49]} Qc7 {[%clk 1:26:50]} 11. Qd2 {[%clk 1:28:55]} Rd8
{[%clk 1:25:52]} 12. Bh6 {[%clk 1:27:24]} Bh8 {[%clk 1:24:41]} 13. Rac1
{[%clk 1:23:22]} a6 {[%clk 1:21:50]} 14. Bc4 {[%clk 1:22:13]} Nb6
{[%clk 1:10:34]} 15. Bb3 {[%clk 1:21:18]} Bg4 {[%clk 1:08:54]} 16. Bf4
{[%clk 1:13:52]} e5 {[%clk 1:07:44]} 17. Bg3 {[%clk 1:12:32]} Bxf3
{[%clk 1:06:11]} 18. gxf3 {[%clk 1:12:45]} Qe7 {[%clk 1:05:03]} 19. d5
{[%clk 1:10:56]} g5 {[%clk 1:03:10]} 20. h4 {[%clk 1:06:50]} c4 {[%clk 0:58:40]}
21. Bd1 {[%clk 1:04:54]} h6 {[%clk 0:58:57]} 22. hxg5 {[%clk 1:02:51]} hxg5
{[%clk 0:59:13]} 23. Kg2 {[%clk 1:02:49]} Nd7 {[%clk 0:58:25]} 24. Rh1
{[%clk 1:01:02]} Nc5 {[%clk 0:57:25]} 25. Bc2 {[%clk 1:00:20]} b5
{[%clk 0:53:42]} 26. Qe3 {[%clk 0:57:48]} f6 {[%clk 0:52:10]} 27. Rh5
{[%clk 0:55:06]} Rac8 {[%clk 0:48:37]} 28. Rch1 {[%clk 0:50:52]} Bg7
{[%clk 0:48:50]} 29. f4 {[%clk 0:48:02]} gxf4 {[%clk 0:48:11]} 30. Bxf4
{[%clk 0:48:29]} exf4 {[%clk 0:48:29]} 31. Qh3 {[%clk 0:48:56]} Kf7
{[%clk 0:42:05]} 32. e5 {[%clk 0:48:05]} Rg8 {[%clk 0:36:05]} 33. Bg6+
{[%clk 0:47:42]} Kxg6 {[%clk 0:35:35]} 34. e6 {[%clk 0:47:45]} Bh6
{[%clk 0:15:37]} 35. Rxh6+ {[%clk 0:48:04]} Kg7 {[%clk 0:15:59]} 36. Rg6+
{[%clk 0:48:25]} 1-0

[Event "Juan Martinez Sola"]
[Site "UAL Almeria Spain"]
[Date "2015.12.18"]
[Round "2.3"]
[White "Fenollar Jorda, Manuel"]
[Black "Rubio Tapia, Jose Juan"]
[Result "1-0"]
[BlackElo "2101"]
[WhiteElo "2368"]
[LiveChessVersion "1.4.4"]

1. d4 {[%clk 1:30:51]} Nf6 {[%clk 1:30:52]} 2. Nf3 {[%clk 1:31:06]} g6
{[%clk 1:30:43]} 3. Nc3 {[%clk 1:31:17]} Bg7 {[%clk 1:30:54]} 4. Bf4
{[%clk 1:31:33]} O-O {[%clk 1:30:17]} 5. Qd2 {[%clk 1:31:57]} d6 {[%clk 1:28:25]}
6. O-O-O {[%clk 1:31:44]} Nbd7 {[%clk 1:25:42]} 7. Bh6 {[%clk 1:31:52]} c5
{[%clk 1:22:17]} 8. d5 {[%clk 1:30:20]} a6 {[%clk 1:18:43]} 9. Bxg7
{[%clk 1:16:42]} Kxg7 {[%clk 1:18:22]} 10. h4 {[%clk 1:16:36]} h5
{[%clk 1:18:14]} 11. Ng5 {[%clk 1:11:36]} b5 {[%clk 1:11:22]} 12. e4
{[%clk 1:09:13]} Qa5 {[%clk 1:04:16]} 13. Kb1 {[%clk 1:08:44]} Ne5
{[%clk 0:56:14]} 14. Ka1 {[%clk 1:01:52]} Bd7 {[%clk 0:51:21]} 15. f4
{[%clk 0:46:04]} Neg4 {[%clk 0:50:26]} 16. Re1 {[%clk 0:45:31]} b4
{[%clk 0:46:06]} 17. Nd1 {[%clk 0:44:42]} Bb5 {[%clk 0:41:31]} 18. Be2
{[%clk 0:36:24]} Rfc8 {[%clk 0:29:28]} 19. Bf3 {[%clk 0:34:56]} Nh6
{[%clk 0:21:29]} 20. Ne3 {[%clk 0:32:18]} Ra7 {[%clk 0:14:33]} 21. Rhg1
{[%clk 0:28:25]} Bd7 {[%clk 0:13:16]} 22. e5 {[%clk 0:19:19]} Nfg4
{[%clk 0:09:31]} 23. e6 {[%clk 0:19:30]} fxe6 {[%clk 0:09:07]} 24. Nxg4
{[%clk 0:15:35]} hxg4 {[%clk 0:08:37]} 25. Nxe6+ {[%clk 0:15:48]} Bxe6
{[%clk 0:08:01]} 26. Rxe6 {[%clk 0:16:16]} gxf3 {[%clk 0:06:29]} 27. gxf3
{[%clk 0:13:04]} Kf7 {[%clk 0:06:23]} 28. Qg2 {[%clk 0:11:36]} Rg8
{[%clk 0:01:59]} 29. Rxg6 1-0

[Event "Juan Martinez Sola"]
[Site "UAL Almeria Spain"]
[Date "2015.12.18"]
[Round "2.4"]
[White "Alshameary Puente, Ismael"]
[Black "Fuertes Romo, Jose Manuel"]
[Result "1-0"]
[BlackElo "1997"]
[WhiteElo "2351"]
[LiveChessVersion "1.4.4"]

1. d4 {[%clk 1:30:45]} Nf6 {[%clk 1:30:42]} 2. c4 {[%clk 1:31:00]} g6
{[%clk 1:27:52]} 3. Nf3 {[%clk 1:30:56]} Bg7 {[%clk 1:28:02]} 4. g3
{[%clk 1:31:20]} O-O {[%clk 1:28:13]} 5. Bg2 {[%clk 1:31:45]} c5 {[%clk 1:27:59]}
6. Nc3 {[%clk 1:32:06]} cxd4 {[%clk 1:28:00]} 7. Nxd4 {[%clk 1:32:29]} Nc6
{[%clk 1:28:05]} 8. O-O {[%clk 1:31:08]} Ng4 {[%clk 1:20:50]} 9. e3
{[%clk 1:29:57]} Nxd4 {[%clk 1:17:08]} 10. exd4 {[%clk 1:30:01]} Nh6
{[%clk 1:17:31]} 11. Bg5 {[%clk 1:25:32]} Re8 {[%clk 1:02:56]} 12. Nd5
{[%clk 1:24:23]} f6 {[%clk 0:54:53]} 13. Bf4 {[%clk 1:24:42]} d6 {[%clk 0:54:43]}
14. Qb3 {[%clk 1:22:43]} e6 {[%clk 0:46:15]} 15. Nc3 {[%clk 1:22:29]} Kh8
{[%clk 0:39:34]} 16. Rad1 {[%clk 1:21:01]} g5 {[%clk 0:36:01]} 17. Bc1
{[%clk 1:19:46]} Nf7 {[%clk 0:31:41]} 18. f4 {[%clk 1:13:50]} g4 {[%clk 0:23:49]}
19. f5 {[%clk 1:12:52]} exf5 {[%clk 0:22:16]} 20. Bf4 {[%clk 1:12:18]} Ng5
{[%clk 0:18:29]} 21. Nb5 {[%clk 1:09:02]} Bf8 {[%clk 0:11:27]} 22. d5
{[%clk 1:07:41]} Nh3+ {[%clk 0:07:23]} 23. Bxh3 {[%clk 1:06:52]} gxh3
{[%clk 0:07:51]} 24. Rde1 {[%clk 1:03:25]} Bd7 {[%clk 0:05:58]} 25. Nd4
{[%clk 0:59:19]} Qb6 {[%clk 0:04:08]} 26. Qxb6 {[%clk 0:57:21]} axb6
{[%clk 0:04:37]} 27. Rxe8 {[%clk 0:54:59]} Rxe8 {[%clk 0:04:29]} 28. Bd2
{[%clk 0:51:44]} Re4 {[%clk 0:01:41]} 29. Bc3 {[%clk 0:52:07]} Kg8
{[%clk 0:01:08]} 30. b3 {[%clk 0:50:55]} Re3 {[%clk 0:00:34]} 31. Rf3
{[%clk 0:51:24]} Bh6 {[%clk 0:00:34]} 32. Kf2 {[%clk 0:51:23]} f4
{[%clk 0:00:32]} 33. gxf4 {[%clk 0:51:40]} Rxc3 {[%clk 0:00:34]} 34. Rxc3
{[%clk 0:51:51]} Bxf4 {[%clk 0:01:02]} 35. Ne6 {[%clk 0:50:36]} Bxh2
{[%clk 0:00:44]} 36. Rxh3 {[%clk 0:50:53]} Be5 {[%clk 0:00:59]} 37. Rh1
{[%clk 0:48:35]} f5 {[%clk 0:00:38]} 38. Rh5 {[%clk 0:48:41]} Kf7
{[%clk 0:00:37]} 39. Rxh7+ {[%clk 0:49:02]} Ke8 {[%clk 0:00:37]} 40. a4
{[%clk 0:49:18]} 1-0

[Event "Juan Martinez Sola"]
[Site "UAL Almeria Spain"]
[Date "2015.12.18"]
[Round "2.5"]
[White "Perera Borrego, Mariela"]
[Black "Perez Beltran, Jose Maria"]
[Result "0-1"]
[BlackElo "2023"]
[WhiteElo "2158"]
[LiveChessVersion "1.4.4"]

1. d4 Nf6 2. c4 e6 3. Nc3 Bb4 4. e3 b6 5. Bd3 Bb7 6. Nge2 Bxg2 7. Rg1 Bf3 8. Rg3
Bxe2 9. Qxe2 g6 10. e4 Nh5 11. Rg1 Nc6 12. Be3 e5 13. dxe5 Nxe5 14. O-O-O Bxc3
15. bxc3 Qe7 16. Kb2 O-O-O 17. c5 Nxd3+ 18. Qxd3 Kb8 19. a4 Rhe8 20. f3 bxc5 21.
Qb5+ Ka8 22. Bxc5 Qe6 23. Bb4 Rb8 24. Qc5 Qb6 25. Qxb6 Rxb6 26. a5 Rbb8 27. Kc2
d6 28. Kd3 Re6 29. Kc4 Kb7 30. Ba3 Kc6 31. Kd4 Rb5 32. Bc1 Rxa5 33. Be3 f5 34.
Ra1 Rxa1 35. Rxa1 fxe4 36. fxe4 Nf6 37. Rxa7 Rxe4+ 38. Kd3 Re6 39. Ra6+ Kd7 40.
Ra7 Re7 41. c4 Ng4 42. Bg1 Ne5+ 43. Kc3 Nf3 44. Bb6 Kc6 45. c5 Re3+ 46. Kd4 0-1

[Event "Juan Martinez Sola"]
[Site "UAL Almeria Spain"]
[Date "2015.12.18"]
[Round "2.6"]
[White "Ivanov, Sergey"]
[Black "Alvarez Morales, Miguel"]
[Result "1-0"]
[BlackElo "2017"]
[WhiteElo "2556"]
[LiveChessVersion "1.4.4"]

1. d4 {[%clk 1:30:56]} Nf6 {[%clk 1:30:54]} 2. c4 {[%clk 1:31:15]} e6
{[%clk 1:31:18]} 3. Nc3 {[%clk 1:31:34]} Bb4 {[%clk 1:31:41]} 4. Qc2
{[%clk 1:31:52]} O-O {[%clk 1:31:50]} 5. Nf3 {[%clk 1:32:09]} Bxc3+
{[%clk 1:32:07]} 6. bxc3 {[%clk 1:32:14]} c5 {[%clk 1:32:34]} 7. e4
{[%clk 1:31:05]} d5 {[%clk 1:32:40]} 8. e5 {[%clk 1:30:40]} Ne4 {[%clk 1:33:07]}
9. Bd3 {[%clk 1:29:38]} Qa5 {[%clk 1:29:51]} 10. O-O {[%clk 1:28:56]} Nc6
{[%clk 1:29:39]} 11. Bxe4 {[%clk 1:24:05]} dxe4 {[%clk 1:29:49]} 12. Qxe4
{[%clk 1:24:24]} Qxc3 {[%clk 1:29:48]} 13. Ng5 {[%clk 1:18:28]} g6
{[%clk 1:29:24]} 14. Qh4 {[%clk 1:17:57]} h5 {[%clk 1:26:32]} 15. Ne4
{[%clk 1:15:32]} Qxd4 {[%clk 1:23:23]} 16. Bh6 {[%clk 1:10:15]} Rd8
{[%clk 1:12:19]} 17. Rad1 {[%clk 1:05:56]} Qxe5 {[%clk 1:09:31]} 18. Rxd8+
{[%clk 1:05:40]} Kh7 {[%clk 1:08:34]} 19. Ng5+ {[%clk 1:04:59]} 1-0

[Event "Juan Martinez Sola"]
[Site "UAL Almeria Spain"]
[Date "2015.12.18"]
[Round "2.7"]
[White "Nyland, Thomas"]
[Black "Motos Abellan, Daniel"]
[Result "1-0"]
[BlackElo "1890"]
[WhiteElo "2027"]
[LiveChessVersion "1.4.4"]

1. d4 {[%clk 1:26:50]} d5 {[%clk 1:30:52]} 2. c4 {[%clk 1:27:04]} c6
{[%clk 1:31:18]} 3. cxd5 {[%clk 1:27:29]} cxd5 {[%clk 1:31:44]} 4. Bf4
{[%clk 1:27:54]} Nc6 {[%clk 1:32:01]} 5. e3 {[%clk 1:28:16]} Nf6 {[%clk 1:32:08]}
6. Nc3 {[%clk 1:28:21]} a6 {[%clk 1:32:15]} 7. Rc1 {[%clk 1:27:26]} Bf5
{[%clk 1:32:20]} 8. Bd3 {[%clk 1:20:54]} Bg6 {[%clk 1:32:01]} 9. Nf3
{[%clk 1:19:16]} e6 {[%clk 1:32:22]} 10. Ne5 {[%clk 1:18:29]} Nxe5
{[%clk 1:31:19]} 11. Bxe5 {[%clk 1:18:14]} Bd6 {[%clk 1:31:14]} 12. f4
{[%clk 1:16:26]} Ne4 {[%clk 1:30:34]} 13. Bxe4 {[%clk 1:12:56]} Bxe4
{[%clk 1:30:36]} 14. Nxe4 {[%clk 1:08:37]} dxe4 {[%clk 1:30:36]} 15. O-O
{[%clk 1:02:08]} O-O {[%clk 1:28:34]} 16. Qc2 {[%clk 1:01:16]} f5
{[%clk 1:26:21]} 17. Qb3 {[%clk 1:01:01]} Qd7 {[%clk 1:26:21]} 18. Bxd6
{[%clk 0:59:53]} Qxd6 {[%clk 1:26:50]} 19. Rc5 {[%clk 0:57:41]} Rac8
{[%clk 1:20:57]} 20. Rfc1 {[%clk 0:56:47]} Qd7 {[%clk 1:18:26]} 21. Qb6
{[%clk 0:51:20]} Rxc5 {[%clk 1:18:45]} 22. Qxc5 {[%clk 0:50:02]} Rd8
{[%clk 1:19:07]} 23. b3 {[%clk 0:48:50]} Kf7 {[%clk 1:19:05]} 24. a4
{[%clk 0:47:32]} Kg8 {[%clk 1:19:17]} 25. Qc7 {[%clk 0:42:52]} Kf7
{[%clk 1:18:22]} 26. b4 {[%clk 0:41:39]} Ke8 {[%clk 1:17:42]} 27. Qe5
{[%clk 0:34:35]} Rc8 {[%clk 1:18:02]} 28. Rc5 {[%clk 0:32:20]} b6
{[%clk 1:17:40]} 29. Rxc8+ {[%clk 0:31:56]} Qxc8 {[%clk 1:18:10]} 30. Kf2
{[%clk 0:30:00]} Kf7 {[%clk 1:18:19]} 31. d5 {[%clk 0:29:53]} exd5
{[%clk 1:18:31]} 32. Qxd5+ {[%clk 0:30:14]} Kf6 {[%clk 1:18:41]} 33. Qd4+
{[%clk 0:28:56]} Kg6 {[%clk 1:17:03]} 34. Qxb6+ {[%clk 0:29:00]} Kh5
{[%clk 1:14:42]} 35. Qc5 {[%clk 0:28:31]} Qd7 {[%clk 1:13:22]} 36. Qd4
{[%clk 0:28:14]} Qc7 {[%clk 1:12:18]} 37. b5 {[%clk 0:25:07]} axb5
{[%clk 1:11:58]} 38. axb5 {[%clk 0:25:23]} Qc2+ {[%clk 1:11:11]} 39. Kg3
{[%clk 0:25:36]} Qe2 {[%clk 1:09:59]} 40. h3 {[%clk 0:23:31]} g5 {[%clk 1:07:00]}
41. fxg5 {[%clk 0:22:26]} Qe1+ {[%clk 0:56:11]} 42. Kh2 {[%clk 0:21:48]} f4
{[%clk 0:55:58]} 43. exf4 {[%clk 0:20:56]} Kh4 {[%clk 0:55:41]} 44. g6
{[%clk 0:19:14]} Qg3+ {[%clk 0:54:30]} 45. Kh1 {[%clk 0:19:32]} Qxg6
{[%clk 0:53:48]} 46. Qf2+ {[%clk 0:17:28]} Kh5 {[%clk 0:52:12]} 47. Qc5+
{[%clk 0:17:37]} Kh4 {[%clk 0:51:00]} 48. Qg5+ {[%clk 0:17:43]} Qxg5
{[%clk 0:51:29]} 49. fxg5 {[%clk 0:18:03]} Kg3 {[%clk 0:51:56]} 50. Kg1
{[%clk 0:17:40]} e3 {[%clk 0:52:23]} 51. Kf1 {[%clk 0:17:57]} 1-0

[Event "Juan Martinez Sola"]
[Site "UAL Almeria Spain"]
[Date "2015.12.19"]
[Round "3.1"]
[White "Del Rio De Angelis, Salvador G."]
[Black "Misyura, Ilya"]
[Result "1-0"]
[BlackElo "1843"]
[WhiteElo "2542"]
[LiveChessVersion "1.4.4"]

1. d4 {[%clk 1:30:45]} d5 {[%clk 1:30:51]} 2. c4 {[%clk 1:30:54]} e6
{[%clk 1:31:08]} 3. Nc3 {[%clk 1:31:02]} Nf6 {[%clk 1:31:26]} 4. Nf3
{[%clk 1:30:47]} Bb4 {[%clk 1:31:18]} 5. e3 {[%clk 1:30:59]} O-O {[%clk 1:31:07]}
6. Bd3 {[%clk 1:31:14]} b6 {[%clk 1:30:59]} 7. a3 {[%clk 1:30:26]} Bxc3+
{[%clk 1:30:42]} 8. bxc3 {[%clk 1:30:46]} Bb7 {[%clk 1:28:35]} 9. O-O
{[%clk 1:30:49]} c5 {[%clk 1:27:31]} 10. cxd5 {[%clk 1:30:03]} exd5
{[%clk 1:27:11]} 11. dxc5 {[%clk 1:30:17]} bxc5 {[%clk 1:27:04]} 12. Rb1
{[%clk 1:29:46]} Qc7 {[%clk 1:25:41]} 13. c4 {[%clk 1:29:50]} Ne4
{[%clk 1:17:17]} 14. Qc2 {[%clk 1:28:28]} Re8 {[%clk 1:14:00]} 15. Rd1
{[%clk 1:20:59]} Nd7 {[%clk 1:10:12]} 16. cxd5 {[%clk 1:20:29]} Bxd5
{[%clk 1:10:17]} 17. Bb5 {[%clk 1:20:42]} Bc6 {[%clk 1:10:12]} 18. Nd4
{[%clk 1:14:33]} cxd4 {[%clk 0:55:41]} 19. Qxc6 {[%clk 1:14:56]} Qxc6
{[%clk 0:54:39]} 20. Bxc6 {[%clk 1:15:20]} Nc3 {[%clk 0:54:16]} 21. Rxd4
{[%clk 1:14:14]} Nxb1 {[%clk 0:53:46]} 22. Bxa8 {[%clk 1:14:36]} Nf8
{[%clk 0:50:03]} 23. Bd5 {[%clk 1:10:46]} Nc3 {[%clk 0:48:21]} 24. Kf1
{[%clk 1:11:02]} Rb8 {[%clk 0:48:29]} 25. Ke1 {[%clk 1:10:53]} Rb1
{[%clk 0:38:48]} 26. Kd2 {[%clk 1:11:15]} Ne2 {[%clk 0:38:50]} 27. Kxe2
{[%clk 1:10:51]} Rxc1 {[%clk 0:39:16]} 28. Rc4 {[%clk 1:10:40]} Rb1
{[%clk 0:37:35]} 29. Rc7 {[%clk 1:10:57]} Ne6 {[%clk 0:37:54]} 30. Bxe6
{[%clk 1:11:06]} fxe6 {[%clk 0:38:21]} 31. Rxa7 {[%clk 1:11:30]} Rb2+
{[%clk 0:38:45]} 32. Kf3 {[%clk 1:11:55]} Ra2 {[%clk 0:38:51]} 33. a4
{[%clk 1:11:45]} h6 {[%clk 0:38:55]} 34. h4 {[%clk 1:11:43]} h5 {[%clk 0:39:20]}
35. Kg3 {[%clk 1:11:15]} Kh7 {[%clk 0:39:40]} 36. Ra6 {[%clk 1:11:04]} 1-0

[Event "Juan Martinez Sola"]
[Site "UAL Almeria Spain"]
[Date "2015.12.19"]
[Round "3.2"]
[White "Perez Beltran, Jose Maria"]
[Black "Fenollar Jorda, Manuel"]
[Result "1-0"]
[BlackElo "2368"]
[WhiteElo "2023"]
[LiveChessVersion "1.4.4"]

1. e4 {[%clk 1:30:57]} e5 {[%clk 1:30:55]} 2. Nf3 {[%clk 1:31:21]} Nc6
{[%clk 1:31:22]} 3. Bb5 {[%clk 1:31:46]} a6 {[%clk 1:31:46]} 4. Ba4
{[%clk 1:32:12]} Nf6 {[%clk 1:32:10]} 5. O-O {[%clk 1:32:37]} b5 {[%clk 1:32:36]}
6. Bb3 {[%clk 1:33:02]} Bc5 {[%clk 1:33:04]} 7. a4 {[%clk 1:33:23]} Rb8
{[%clk 1:33:28]} 8. c3 {[%clk 1:33:48]} d6 {[%clk 1:33:54]} 9. d4
{[%clk 1:34:14]} Bb6 {[%clk 1:34:09]} 10. axb5 {[%clk 1:34:39]} axb5
{[%clk 1:34:35]} 11. Na3 {[%clk 1:35:04]} Bg4 {[%clk 1:29:42]} 12. Nxb5
{[%clk 1:27:29]} O-O {[%clk 1:29:39]} 13. Bc2 {[%clk 1:27:43]} exd4
{[%clk 1:05:12]} 14. Nbxd4 {[%clk 1:27:07]} Nxd4 {[%clk 1:02:35]} 15. cxd4
{[%clk 1:27:30]} d5 {[%clk 1:02:30]} 16. e5 {[%clk 1:23:58]} Ne4 {[%clk 1:02:45]}
17. Re1 {[%clk 1:19:33]} f5 {[%clk 0:50:16]} 18. exf6 {[%clk 1:16:41]} Nxf6
{[%clk 0:48:07]} 19. Bg5 {[%clk 1:02:07]} Qd6 {[%clk 0:47:23]} 20. Ra3
{[%clk 0:54:10]} Rbe8 {[%clk 0:36:33]} 21. Rae3 {[%clk 0:32:29]} Rxe3
{[%clk 0:23:10]} 22. Rxe3 {[%clk 0:32:50]} Qb4 {[%clk 0:20:13]} 23. Bxf6
{[%clk 0:28:59]} gxf6 {[%clk 0:08:02]} 24. Qd3 {[%clk 0:28:52]} Rf7
{[%clk 0:08:28]} 25. Re8+ {[%clk 0:29:12]} Kg7 {[%clk 0:08:51]} 26. Qxh7# 1-0

[Event "Juan Martinez Sola"]
[Site "UAL Almeria Spain"]
[Date "2015.12.19"]
[Round "3.3"]
[White "Sanchez Jerez, Emilio Miguel"]
[Black "Alshameary Puente, Ismael"]
[Result "1-0"]
[BlackElo "2351"]
[WhiteElo "2252"]
[LiveChessVersion "1.4.4"]

1. d4 {[%clk 1:30:57]} Nf6 {[%clk 1:26:10]} 2. Bf4 {[%clk 1:31:09]} g6
{[%clk 1:26:21]} 3. Nc3 {[%clk 1:31:23]} d5 {[%clk 1:26:38]} 4. Qd2
{[%clk 1:31:40]} Bg7 {[%clk 1:24:55]} 5. Bh6 {[%clk 1:31:55]} Bxh6
{[%clk 1:17:23]} 6. Qxh6 {[%clk 1:32:15]} Qd6 {[%clk 1:14:04]} 7. Nf3
{[%clk 1:26:41]} Bf5 {[%clk 1:06:59]} 8. O-O-O {[%clk 1:22:01]} Nbd7
{[%clk 1:05:02]} 9. e3 {[%clk 1:17:28]} O-O-O {[%clk 1:01:30]} 10. h3
{[%clk 1:10:34]} Kb8 {[%clk 0:48:14]} 11. Nh4 {[%clk 1:03:48]} c5
{[%clk 0:44:19]} 12. Nxf5 {[%clk 0:57:52]} gxf5 {[%clk 0:44:35]} 13. Nb5
{[%clk 0:57:34]} Ng8 {[%clk 0:32:23]} 14. Qxd6+ {[%clk 0:53:34]} exd6
{[%clk 0:32:41]} 15. Nxd6 {[%clk 0:53:57]} Nh6 {[%clk 0:32:50]} 16. Bd3
{[%clk 0:45:05]} cxd4 {[%clk 0:26:11]} 17. exd4 {[%clk 0:44:54]} f4
{[%clk 0:26:32]} 18. Rde1 {[%clk 0:42:29]} Rhg8 {[%clk 0:24:18]} 19. Rhg1
{[%clk 0:41:18]} Rg5 {[%clk 0:24:31]} 20. Re7 {[%clk 0:35:15]} Rg7
{[%clk 0:16:00]} 21. g4 {[%clk 0:30:32]} Ng8 {[%clk 0:10:23]} 22. Re8
{[%clk 0:28:29]} 1-0

[Event "Juan Martinez Sola"]
[Site "UAL Almeria Spain"]
[Date "2015.12.19"]
[Round "3.4"]
[White "Gil Quilez, Sonia"]
[Black "Ivanov, Sergey"]
[Result "0-1"]
[BlackElo "2556"]
[WhiteElo "2028"]
[LiveChessVersion "1.4.4"]

1. d4 {[%clk 1:30:55]} Nf6 {[%clk 1:30:51]} 2. c4 {[%clk 1:31:06]} e6
{[%clk 1:31:13]} 3. Nc3 {[%clk 1:31:08]} Bb4 {[%clk 1:31:28]} 4. Qc2
{[%clk 1:30:57]} O-O {[%clk 1:31:41]} 5. Nf3 {[%clk 1:30:48]} c5 {[%clk 1:30:16]}
6. e3 {[%clk 1:27:58]} cxd4 {[%clk 1:27:14]} 7. Nxd4 {[%clk 1:27:21]} Nc6
{[%clk 1:25:43]} 8. a3 {[%clk 1:22:50]} Be7 {[%clk 1:22:26]} 9. Nxc6
{[%clk 1:16:35]} bxc6 {[%clk 1:22:26]} 10. Bd3 {[%clk 1:16:38]} d5
{[%clk 1:21:58]} 11. cxd5 {[%clk 1:13:20]} exd5 {[%clk 1:14:55]} 12. Na4
{[%clk 1:09:09]} Qd6 {[%clk 1:03:26]} 13. b4 {[%clk 1:04:56]} a5 {[%clk 1:01:53]}
14. Bd2 {[%clk 1:00:25]} axb4 {[%clk 1:01:36]} 15. Bxb4 {[%clk 0:54:25]} Qe5
{[%clk 0:59:34]} 16. Bc3 {[%clk 0:39:24]} Qg5 {[%clk 0:57:01]} 17. O-O
{[%clk 0:32:24]} Bh3 {[%clk 0:45:57]} 18. f4 {[%clk 0:30:07]} Qxg2+
{[%clk 0:45:58]} 19. Qxg2 {[%clk 0:30:34]} Bxg2 {[%clk 0:46:19]} 20. Kxg2
{[%clk 0:30:42]} Rxa4 {[%clk 0:46:41]} 21. Bb2 {[%clk 0:29:50]} Ng4
{[%clk 0:41:28]} 22. Rfe1 {[%clk 0:25:07]} g6 {[%clk 0:35:45]} 23. Kf3
{[%clk 0:21:09]} Rb8 {[%clk 0:29:27]} 24. Re2 {[%clk 0:17:52]} Bf6
{[%clk 0:28:45]} 25. Bxf6 {[%clk 0:14:27]} Nxf6 {[%clk 0:29:07]} 26. Bc2
{[%clk 0:14:20]} Ra5 {[%clk 0:28:24]} 27. a4 {[%clk 0:13:18]} Rb4
{[%clk 0:27:34]} 28. Rd2 {[%clk 0:12:21]} Kf8 {[%clk 0:25:19]} 29. Rd4
{[%clk 0:11:28]} Rb2 {[%clk 0:25:22]} 30. Rd2 {[%clk 0:10:29]} Ne4
{[%clk 0:21:23]} 31. Rg2 {[%clk 0:10:37]} Ke7 {[%clk 0:20:50]} 32. h4
{[%clk 0:10:09]} Kd6 {[%clk 0:17:49]} 33. h5 {[%clk 0:08:23]} Rc5
{[%clk 0:16:26]} 34. Bd1 {[%clk 0:05:33]} Rxg2 {[%clk 0:16:09]} 35. Kxg2
{[%clk 0:06:02]} Ra5 {[%clk 0:16:12]} 36. hxg6 {[%clk 0:05:36]} hxg6
{[%clk 0:16:36]} 37. Kf3 {[%clk 0:05:05]} Nc3 {[%clk 0:16:44]} 38. Bc2
{[%clk 0:05:18]} Kc5 {[%clk 0:14:55]} 39. Ra3 {[%clk 0:05:12]} Kc4
{[%clk 0:13:50]} 40. Kf2 {[%clk 0:02:36]} c5 {[%clk 0:12:57]} 41. Ke1
{[%clk 0:02:25]} Ne4 {[%clk 0:11:42]} 42. Ke2 {[%clk 0:01:26]} f5
{[%clk 0:11:38]} 43. Ra1 {[%clk 0:01:24]} Kc3 {[%clk 0:11:23]} 44. Bd1
{[%clk 0:01:09]} Kb2 {[%clk 0:11:31]} 0-1

[Event "Juan Martinez Sola"]
[Site "UAL Almeria Spain"]
[Date "2015.12.19"]
[Round "3.5"]
[White "Hernandez Munoz, Antonio Ramon"]
[Black "Zapata Lopez, Julio"]
[Result "0-1"]
[BlackElo "2020"]
[WhiteElo "2185"]
[LiveChessVersion "1.4.4"]

1. d4 Nf6 2. Nf3 g6 3. g3 Bg7 4. Bg2 O-O 5. O-O d6 6. c4 c6 7. Nc3 Qa5 8. e4 e5
9. h3 Nbd7 10. Re1 exd4 11. Nxd4 Ne5 12. Bf1 Be6 13. Nxe6 fxe6 14. Be2 Rad8 15.
Bd2 Qb6 16. Be3 c5 17. Qd2 Nc6 18. Rad1 a6 19. f4 Nd4 20. Bxd4 cxd4 21. Qxd4 Qxb2
22. Rb1 Qa3 23. Rb3 Qa5 24. Qf2 Nd7 25. Nb1 Bd4 26. Qxd4 Qxe1+ 27. Bf1 Nc5 28.
Qe3 Qxe3+ 29. Rxe3 b5 30. cxb5 axb5 31. Bxb5 Rb8 32. Nc3 d5 33. exd5 exd5 34. Re7
d4 35. Bc4+ Kh8 36. Ne4 Nxe4 37. Rxe4 Rfd8 38. Re2 Rbc8 39. Bb3 Re8 40. Rd2 Re3
41. Rxd4 Rxg3+ 42. Kh2 Rcc3 43. Be6 Rge3 44. Rc4 Re2+ 45. Kh1 Rf3 46. Rc8+ Kg7
47. Rc7+ Kf6 0-1